USA - GENERAL KNOWLEDGE - Statistics

General Stats
  • This quiz has been taken 43 times
  • The average score is 13 of 20
Answer Stats
Question Answer % Correct
Which 4 presidents are on Mount Rushmore George Washington, Thomas Jefferson, Theodore Roosevelt, and Abraham Lincoln
100%
Leif Erikson was... Norwegian Viking, probably the first european discoverer of North America
100%
What is title of National anthem of USA? The Star-Spangled Banner
100%
What is the national motto of the United States? In God We Trust
83%
Who said these words: “Ask not what your country can do for you – ask what you can do for your country,”? John Fitzgerald Kennedy
83%
Do you remember summer olympics in Barcelona? Who was part of dream team 92? Scottie Pippen
83%
Ron Turcotte became internationally famous in 1973 when he rode to win the first Triple Crown in his 25 years, which legendary horse, which is often considered as the best racehorse in history, he rode? Secretariat
83%
USA have national animal and also national mammal, what animals are they? Bald eagle (national animal), American bison (national mammal)
67%
In which battle were William Travis, James Bowie and Davy Crockett killed? Battle of the Alamo
67%
Which of these rivers are not in USA? Mackenzie
67%
Who were members of the apollo 11 space flight? Neil A. Armstrong, Michael Collins, Buzz Aldrin
67%
Which of these cities are not in USA? Radiator Springs
67%
Who founded the Standard Oil Company, which dominated the oil industry and was the first great U.S. business trust. He also donated more than $500 million dollars to various educational, religious, and scientific causes John D. Rockefeller
50%
One American mountain is much larger from top to bottom than Mount Everest, but because this bottom and much of the rest of the mountain is below sea, it cannot equal the record height of Everest in relation to sea level, which mountain is it? Mauna Kea
50%
Each of you may know that James Stewart served in the military, but few know that it was In WWII, the Vietnam War, and the Korean War, do you know what military branch he served in? U.S. Air Force
50%
Who of these actors has never won an Oscar Academy Award for Best Actor? Cary Grant
33%
There is no city which would ever completed Grand Slam, but one city made a spirited run at it in 1980, putting a team into the championship round (Super Bowl, World Series, Stanley Cup final series, NBA finals) in all four leagues, NHL, NBA, NFL, MLB, which city it was? Philadelphia - Phillies, Flyers, 76ers, Eagles
33%
Who was named as The Greatest American in 2005 by the number of votes of american people? Ronald Reagan
33%
Which of these songs were never performed by legendary The King Elvis Presley? Where the Stars & Stripes & the Eagle Fly
33%
John Joseph Pershing GCB, nicknamed "Black Jack" was only one General of the Armies in history, (General of the Armies is the highest military rank), in which of these wars did he never fight? The American Civil War
0%
No matching quizzes found
Score Distribution
Percent of People with Each Score
Percentile by Number Answered
Your Score History
You have not taken this quiz